| 000 | 00529nam a22001937a 4500 | ||
|---|---|---|---|
| 003 | KOHA_MİRAKIL | ||
| 005 | 20250415131922.0 | ||
| 008 | 250415b tu ||||| |||| 00| 0 tur d | ||
| 020 | _a9786257650779 | ||
| 040 |
_aTR-AnABB _btur _cTR-AnABB |
||
| 041 | _atur | ||
| 082 |
_a813.42 _bBAS 2021 |
||
| 100 | 1 | _aBaş, Şeniz, | |
| 245 | 1 | 0 |
_aKahraman ve cellat / _cŞeniz Baş |
| 260 |
_aİstanbul : _bİthaki Yayınları, _c2021 |
||
| 300 |
_a178 sayfa ; _c20 cm |
||
| 650 | 0 | 4 | _aTürk edebiyatı, roman |
| 942 |
_2ddc _cBK |
||
| 999 |
_c8696 _d8696 |
||
| 900 | _bGizem YORULMAZ | ||